ბათუმის შოთა რუსთაველის სახელმწიფო უნივერსიტეტის ბიბლიოთეკა

კლინიკური ფარმაკოლოგია სამკურნალო მცენარეების თემატური ფიტო-პრეპარატებით : (ბიბ.ჩანაწერი № 34557)

000 -ლიდერი
ფიქსირებული სიგრძის საკონტროლო ველი 02265nam a2200313Ia 4500
001 - საკონტროლო ნომერი
საკონტროლო ველი 317
003 - საკონტროლო ნომრის იდენტიფიკატორი
საკონტროლო ველი GE_BSU
005 - ბოლო ოპერაციის თარიღი და დრო
საკონტროლო ველი 20200121163552.0
008 - ფიქსირებული სიგრძის მონაცემთა ელემენტები - ზოგადი ინფორმაცია
ფიქსირებული სიგრძის საკონტროლო ველი 181216s2009||||ge |||||||||||||| ||geo||
020 ## - წიგნის საერთაშორისო სტანდარტული ნომერი
International Standard Book Number 9992863803
040 ## - კატალოგიზაციის წყარო
Transcribing agency GE_BSU
041 ## - ენის კოდი
Language code of text/sound track or separate title geo
080 ## - უნივერსალური ათობითი კლასიფიკაციის ინდექსი
Universal Decimal Classification number 615.03(075.8) თ-86
100 ## - მთავარი ჩანაწერი - პიროვნების სახელი
Personal name თურმანაული, გიორგი
9 (RLIN) 6284
245 ## - ცნობა სათაურის შესახებ
Title კლინიკური ფარმაკოლოგია სამკურნალო მცენარეების თემატური ფიტო-პრეპარატებით :
Remainder of title სახელმძღვ. პრაქტიკოსი ექიმებისთვის და სტუდენტი-მედიკოსებისათვის /
Statement of responsibility, etc აკად. გიორგი (გივი) თურმანაული ; [მთ. რედ.: ნიკოლოზ გონგაძე ; მეცნ. რედ.: გიორგი ქავთარაძე, მაია ოკუჯავა, კახი ბაკურიძე ; რედ.: ლუიზა გაბუნია და მანანა გოგოლაური].
264 ## - წარმოების, გამოცემის, დისტრიბუციის და სხვა ცნობები
გამოცემის, წარმოების, დისტრიბუციის... ადგილი თბილისი
გამოცემის, წარმოების, დისტრიბუციის... სახელწოდება "ცის ნამის" გამ-ბა ,
გამოცემის, წარმოების, დისტრიბუციის... თარიღი 2009.
300 ## - ფიზიკური აღწერა
Extent 842 გვ.:
Other physical details ილუსტრ.;
Dimensions 25 სმ.
501 ## - შენიშვნა თანმხლებ მასალაზე
With note საძ.: გვ. 827-837.
653 ## - INDEX TERM--UNCONTROLLED
Uncontrolled term კლინიკური ფარმაკოლოგია
653 ## - INDEX TERM--UNCONTROLLED
Uncontrolled term მცენარეული წარმოშობის პრეპარატები
700 ## - ADDED ENTRY--PERSONAL NAME
Personal name გონგაძე, ნიკოლოზ
Relator term რედაქტორი
9 (RLIN) 3187
700 ## - ADDED ENTRY--PERSONAL NAME
Personal name ქავთარაძე, გიორგი
Relator term რედაქტორი
9 (RLIN) 6285
700 ## - ADDED ENTRY--PERSONAL NAME
Personal name ოკუჯავა, მაია
Relator term რედაქტორი
9 (RLIN) 6286
700 ## - ADDED ENTRY--PERSONAL NAME
Personal name ბაკურიძე, კახი
Relator term რედაქტორი
9 (RLIN) 6287
700 ## - ADDED ENTRY--PERSONAL NAME
Personal name გაბუნია, ლუიზა
Relator term რედაქტორი
9 (RLIN) 6288
700 ## - ADDED ENTRY--PERSONAL NAME
Personal name გოგოლაური, მანანა
Relator term რედაქტორი
9 (RLIN) 6289
710 ## - ADDED ENTRY--CORPORATE NAME
Corporate name or jurisdiction name as entry element თსსუ-ს სამედ. ფარმაკოლ. დეპარტამენტი
9 (RLIN) 6290
942 ## - ADDED ENTRY ELEMENTS (KOHA)
Koha item type წიგნი
Source of classification or shelving scheme
ეგზემპლარები
ჩამოწერის სტატუსი დაკარგული ეგზემპლარის სტატუსი კლასიფიკაციის წყარო ან თაროზე გაწყობის სქემა დაზიანების სტატუსი არ გაიცემა მუდმივი მდებარეობა (დაცვის ადგილი) ამჟამინდელი ადგილსამყოფელი თაროზე განთავსების ადგილი შეძენის თარიღი ღირებულება, შესყიდვის ნორმალური ფასი სრული შენახვის შიფრი შტრიხკოდი ბოლო ოპერაციის თარიღი ეგზემპლარის მიმდევრობითი ნომერი (კეტერი?) ფასის ძალაში შესვლის თარიღი ეგზემპლარის სახეობა საჯარო შენიშვნა
          ბათუმის შოთა რუსთაველის სახელმწიფო უნივერსიტეტის მთავარი ბიბლიოთეკა ბათუმის შოთა რუსთაველის სახელმწიფო უნივერსიტეტის მთავარი ბიბლიოთეკა წიგნსაცავი 2018-12-17 40.00 615.03(075.8) თ-86 48 2018-12-17 48 2018-12-17 წიგნი 40 ლ.
          ბათუმის შოთა რუსთაველის სახელმწიფო უნივერსიტეტის მთავარი ბიბლიოთეკა ბათუმის შოთა რუსთაველის სახელმწიფო უნივერსიტეტის მთავარი ბიბლიოთეკა წიგნსაცავი 2018-12-17 40.00 615.03(075.8) თ-86 49 2018-12-17 49 2018-12-17 წიგნი 40 ლ.
          ბათუმის შოთა რუსთაველის სახელმწიფო უნივერსიტეტის მთავარი ბიბლიოთეკა ბათუმის შოთა რუსთაველის სახელმწიფო უნივერსიტეტის მთავარი ბიბლიოთეკა წიგნსაცავი 2018-12-17 40.00 615.03(075.8) თ-86 50 2018-12-17 50 2018-12-17 წიგნი 40 ლ.
          ბათუმის შოთა რუსთაველის სახელმწიფო უნივერსიტეტის მთავარი ბიბლიოთეკა ბათუმის შოთა რუსთაველის სახელმწიფო უნივერსიტეტის მთავარი ბიბლიოთეკა წიგნსაცავი 2018-12-17 40.00 615.03(075.8) თ-86 51 2018-12-17 51 2018-12-17 წიგნი 40 ლ.
          ბათუმის შოთა რუსთაველის სახელმწიფო უნივერსიტეტის მთავარი ბიბლიოთეკა ბათუმის შოთა რუსთაველის სახელმწიფო უნივერსიტეტის მთავარი ბიბლიოთეკა წიგნსაცავი 2018-12-17 40.00 615.03(075.8) თ-86 52 2018-12-17 52 2018-12-17 წიგნი 40 ლ.